Statistics for Videogames by Developer/Publisher

Click here to take the quiz!

General Stats

  • This quiz has been taken 221 times
  • The average score is 10 of 15

Answer Stats

Videogame/GenrePublisher/Developer% Correct
Grand Theft AutoRockstar Games, Rockstar North...
94%
Call of DutyActivison (Blizzard), Treyarch, Aspyr Media, Nokia...
92%
BattlefieldElectronic Arts, DICE, Easy Studios, Neowiz Games...
85%
Kingdom HeartsSquare Enix, Ubisoft, Square...
85%
Assasin´s CreedUbisoft, Akella, Gameloft, ak tronic Software & Services
84%
DestinyBungie, High Moon Studios, Activision...
82%
FalloutBethesda Softworks, Interplay Entertainment...
72%
Team Fortress 2Valve
61%
Resident EvilCapcom, SEGA, Nintendo...
60%
Clash Of ClansSupercell
59%
Silent HillKonami, Bloober Team, Kojima Productions...
44%
Star Wars BattlefrontDICE, Pandemic Studios, Aeria Games, Lucasfilms Games...
43%
Borderlands2K, Telltale, Gearbox, Take 2 Interactive...
33%
Rocket LeaguePsyonix
29%
Five Nights at Freddy´sScott Cawthon, Clickteam LLC USA, Steel Wool Studios...
29%

Score Distribution

Percentile by Number Answered

Percent of People with Each Score

Your Score History

You have not taken this quiz